Statistics for Top 15 Countries with Covid-19 Cases - 16 January 2021

Click here to take the quiz!

General Stats

  • This quiz has been taken 22 times
  • The average score is 18 of 29

Answer Stats

country% Correct
France
100%
Germany
100%
India
100%
United Kingdom
100%
United States
100%
Brazil
95%
Italy
90%
Mexico
90%
Spain
90%
Argentina
81%
Russia
81%
Poland
71%
Turkey
71%
Belgium
62%
Netherlands
62%
Colombia
57%
South Africa
52%
Switzerland
48%
Czechia
38%
Portugal
38%
Israel
33%
Slovenia
33%
Georgia
29%
Lithuania
29%
Panama
29%
Armenia
24%
Bahrain
24%
Croatia
24%
Qatar
19%

Score Distribution

Percentile by Number Answered

Percent of People with Each Score

Your Score History

You have not taken this quiz